| 000 | 00571nam a22002057a 4500 | ||
|---|---|---|---|
| 005 | 20181116135551.0 | ||
| 008 | 181105b xxu||||| |||| 00| 0 eng d | ||
| 020 | _a9788175418936 | ||
| 040 | _aLoreto College | ||
| 041 | _aEnglish | ||
| 082 |
_a370 _bAGG |
||
| 100 | _aAggarwal, J.C. | ||
| 245 |
_aEducation for values, Environment and Human Right _cJ.C. Aggarwal |
||
| 260 |
_aDelhi Publication _bShipra Publication _c2018 |
||
| 300 |
_a348 p. _b24 cm. |
||
| 650 | _aEducation-Environment | ||
| 650 | _aEducation-Human Right | ||
| 850 | _aLCBED | ||
| 942 | _cBK | ||
| 999 |
_c41833 _d92312 |
||